Fluvial hydraulics : (Record no. 587992)
[ view plain ]
| 000 -LEADER | |
|---|---|
| fixed length control field | 00633 a2200193 4500 |
| 003 - CONTROL NUMBER IDENTIFIER | |
| control field | NUST |
| 020 ## - INTERNATIONAL STANDARD BOOK NUMBER | |
| International Standard Book Number | 0471977144 (alk. paper) |
| 038 ## - RECORD CONTENT LICENSOR | |
| Staff Name | SCEE |
| 082 ## - DEWEY DECIMAL CLASSIFICATION NUMBER | |
| Classification number | 627.042 GRA |
| 100 ## - MAIN ENTRY--PERSONAL NAME | |
| Personal name | Graf, Walter H. |
| 9 (RLIN) | 89175 |
| 245 ## - TITLE STATEMENT | |
| Title | Fluvial hydraulics : |
| Remainder of title | flow and transport processes in channels of simple geometry / |
| Statement of responsibility, etc. | Walter H. Graf ; in collaboration with M.S. Altinakar. |
| 260 ## - PUBLICATION, DISTRIBUTION, ETC. | |
| Place of publication, distribution, etc. | Chichester ; |
| -- | New York : |
| Name of publisher, distributor, etc. | Wiley, |
| Date of publication, distribution, etc. | 1998. |
| 300 ## - PHYSICAL DESCRIPTION | |
| Extent | 681 p. : |
| Other physical details | ill. ; |
| Dimensions | 26 cm. |
| 563 ## - BINDING INFORMATION | |
| Binding note | H.B |
| 650 ## - SUBJECT ADDED ENTRY--TOPICAL TERM | |
| Topical term or geographic name entry element | Channels (Hydraulic engineering) |
| 9 (RLIN) | 89172 |
| 650 ## - SUBJECT ADDED ENTRY--TOPICAL TERM | |
| Topical term or geographic name entry element | Hydraulics. |
| 9 (RLIN) | 89176 |
| 650 ## - SUBJECT ADDED ENTRY--TOPICAL TERM | |
| Topical term or geographic name entry element | Sediment transport. |
| 9 (RLIN) | 89177 |
| 942 ## - ADDED ENTRY ELEMENTS (KOHA) | |
| Source of classification or shelving scheme | |
| Koha item type | Book |
| Withdrawn status | Lost status | Source of classification or shelving scheme | Damaged status | Not for loan | Permanent Location | Current Location | Date acquired | Total Checkouts | Total Renewals | Full call number | Barcode | Checked out | Date last seen | Date last checked out | Price effective from | Koha item type |
|---|---|---|---|---|---|---|---|---|---|---|---|---|---|---|---|---|
| School of Civil and Environmental Engineering (SCEE) | School of Civil and Environmental Engineering (SCEE) | 02/18/2022 | 1 | 1 | 627.042 GRA | NIT-13516 | 04/23/2026 | 02/23/2022 | 02/23/2022 | 02/18/2022 | Book |
